Les 10 départements francais les moins peuplés - Statistiques

Statistiques générales
  • Ce quiz a été pris 162 fois
  • Le résultat moyen est 6 sur 10
Statistiques - réponses
Place Population Département % Correct
2 113 106 Creuse
87%
1 76 648 Lozère
80%
5 144 200 Cantal
71%
3 136 891 Territoire de Belfort
62%
7 159 900 Corse-du-Sud
57%
9 174 000 Lot
56%
10 176 000 Haute-Corse
55%
4 141 600 Hautes-Alpes
54%
6 152 300 Ariège
49%
8 161 700 Alpes-de-Haute-Provence
48%
Aucun quiz correspondant
Distribution des résultats
% des personnes avec chaque résultat
Percentile par nombre de réponses
Votre historique - résultats
Vous n’avez pas pris ce quiz